000 00869nam0a22002531 4500
001 rc\2604112
005 20250623132229.0
035 _a(NLR Aleph) 006768134
090 _a5915765
_c5915765
100 _a20110914d1930 |||y0rusy50 ca
101 0 _arus
102 _aRU
105 _aa z |||||
200 1 _aПятилетний план сахарной промышленности
_fИ. М. Бык
_gПравл. Союзсахара СССР
210 _aМосква
_cГос. техн.изд-во
_d[1930]
_gЦентр. тип. НКВМ
215 _a68 с., 1 л. вкл. л. диагр.
_cдиагр.
_d21х15 см.
700 1 _aБык
_bИ.М.
_gИосиф Моисеевич
712 0 2 _a"Союзсахар СССР"
801 0 _aRU
_bNLR
_gpsbo
801 1 _aRU
_bELAR
_2rusmarc
852 _aNLR
_j30.10/967
942 _cBOOK
980 _aNB